[Event "Rated Blitz game"]
[Site "?"]
[Date "2021.10.11"]
[Round "?"]
[White "Corrrnell"]
[Black "oJHuNikx"]
[Result "1-0"]
[WhiteElo "2389"]
[BlackElo "2418"]
[PlyCount "49"]
[EventDate "2021.??.??"]
[EventType "blitz"]

1. e4 e5 2. Nf3 d5 3. Nxe5 dxe4 4. d4 Bd6 5. Nc4 Nc6 6. Nxd6+ Qxd6 7. c3 Nf6 8.
Be2 Bf5 9. b4 O-O-O 10. b5 Ne7 11. Be3 Kb8 12. Nd2 Ned5 13. Nc4 Qe7 14. Qb3 Be6
15. O-O Nb6 16. Rfc1 Nfd5 17. a4 f5 18. a5 Nd7 19. b6 cxb6 20. axb6 N5xb6 21.
Bf4+ Kc8 22. Qxb6 Nxb6 23. Nxb6+ axb6 24. Ra8+ Kd7 25. Bb5# {Normal} 1-0

[Event "Rated Blitz game"]
[Site "?"]
[Date "2021.10.11"]
[Round "?"]
[White "JohelParra"]
[Black "oJHuNikx"]
[Result "1-0"]
[WhiteElo "2270"]
[BlackElo "2409"]
[PlyCount "127"]
[EventDate "2021.??.??"]
[EventType "blitz"]

1. e4 e5 2. Nf3 d5 3. Nc3 dxe4 4. Nxe4 f5 5. Ng3 e4 6. Ne5 Qd4 7. Qh5+ g6 8.
Nxg6 Nf6 9. Qh4 Ng4 10. Nxf5 Bxf5 11. Nxh8 Qxh8 12. Qh5+ Bg6 13. Qxg4 Nc6 14.
Bb5 Qe5 15. Bxc6+ bxc6 16. O-O Bd6 17. g3 Ke7 18. Re1 Re8 19. c3 Kd8 20. d4 Qf5
21. Bg5+ Kd7 22. Qxf5+ Bxf5 23. Kg2 c5 24. h3 cxd4 25. cxd4 Rb8 26. Re2 Rb4 27.
Rd2 Kc6 28. Rc1+ Kd5 29. Bf6 Rb8 30. a3 Re8 31. Be5 Bg6 32. Bxd6 cxd6 33. Rc7
a5 34. Ra7 e3 35. Rxa5+ Kc4 36. fxe3 Rxe3 37. Kf2 Rb3 38. Ra4+ Kd5 39. g4 Ke4
40. Ra6 Rxh3 41. Re2+ Kd3 42. Re6 d5 43. Ra4 Be4 44. Rb4 Rh2+ 45. Kg3 Rg2+ 46.
Kf4 Rf2+ 47. Ke5 Ke3 48. a4 Rg2 49. Kd6 Rxg4 50. a5 Rg8 51. a6 Ra8 52. Kc5 h5
53. Rb7 h4 54. Rh7 Rc8+ 55. Kb6 Kxd4 56. Rxe4+ Kxe4 57. Rxh4+ Kd3 58. Kb7 Rd8
59. a7 d4 60. a8=Q Rxa8 61. Kxa8 Kc4 62. Kb7 Kb3 63. Rxd4 Kxb2 64. Rd3 {Normal}
1-0

[Event "Rated Blitz game"]
[Site "?"]
[Date "2021.10.11"]
[Round "?"]
[White "chessmachine02"]
[Black "Ra_gozin"]
[Result "0-1"]
[WhiteElo "2408"]
[BlackElo "2340"]
[PlyCount "45"]
[EventDate "2021.??.??"]
[EventType "blitz"]

1. e4 e5 2. Nf3 d5 3. d3 dxe4 4. dxe4 Qxd1+ 5. Kxd1 Bg4 6. Be2 Nc6 7. c3 Nf6 8.
Nfd2 Bc5 9. f3 Be6 10. Bc4 Bxc4 11. Nxc4 b5 12. Ne3 b4 13. Ke2 Rb8 14. Nd5 Nxd5
15. exd5 Ne7 16. Rd1 f6 17. a3 bxc3 18. Nxc3 Bd4 19. Ra2 Rb3 20. Kd3 Nxd5 21.
Kc4 Nxc3 22. bxc3 Rxc3+ 23. Kd5 {Normal} 0-1

[Event "Rated Blitz game"]
[Site "?"]
[Date "2021.10.11"]
[Round "?"]
[White "POTENTIAL21"]
[Black "batalla2"]
[Result "1-0"]
[WhiteElo "2395"]
[BlackElo "2452"]
[PlyCount "119"]
[EventDate "2021.??.??"]
[EventType "blitz"]

1. e4 e5 2. Nf3 d5 3. Nxe5 Bd6 4. d4 dxe4 5. Bf4 Nf6 6. Bc4 O-O 7. O-O Nbd7 8.
Nc3 Qe7 9. Nxd7 Bxd7 10. Bxd6 Qxd6 11. Re1 Rfe8 12. h3 Rad8 13. Qd2 c6 14. Rad1
Bf5 15. Qg5 Bg6 16. a3 Qe7 17. h4 Nd5 18. Qg3 h5 19. Ne2 Qf6 20. Bb3 Rd7 21. c4
Nb6 22. Nf4 Kf8 23. a4 Rdd8 24. a5 Nd7 25. c5 Nb8 26. Qe3 Na6 27. d5 cxd5 28.
Nxd5 Qe5 29. c6 bxc6 30. Qxa7 cxd5 31. Qxa6 Re7 32. Qb6 Qd6 33. Rxd5 Qxb6 34.
axb6 Rxd5 35. Bxd5 Re8 36. b7 Rb8 37. Rc1 Bf5 38. Rc7 Ke8 39. Rxf7 Bd7 40. Rxg7
Kd8 41. Rg8+ Kc7 42. Rxb8 Kxb8 43. Kf1 Bb5+ 44. Ke1 Bd3 45. Kd2 Kc7 46. Ke3 Ba6
47. Bxe4 Kb8 48. Kf4 Bb5 49. Kg5 Ba6 50. Kxh5 Bb5 51. Kg5 Bc4 52. h5 Bg8 53. h6
Kc7 54. Kg6 Kb8 55. Kg7 Be6 56. h7 Bd7 57. h8=Q+ Kc7 58. Qa8 Kd6 59. b8=Q+ Ke6
60. Qd5+ {Time forfeit} 1-0

[Event "Rated Blitz game"]
[Site "?"]
[Date "2021.10.11"]
[Round "?"]
[White "meocon2021"]
[Black "oJHuNikx"]
[Result "1-0"]
[WhiteElo "2343"]
[BlackElo "2456"]
[PlyCount "83"]
[EventDate "2021.??.??"]
[EventType "blitz"]

1. e4 e5 2. Nf3 d5 3. Nxe5 dxe4 4. d4 Bd6 5. Nc4 Nc6 6. c3 Nf6 7. Bg5 h6 8. Bh4
g5 9. Bg3 Bxg3 10. hxg3 Be6 11. Nbd2 Qd5 12. Ne3 Qd7 13. Qc2 Bf5 14. O-O-O
O-O-O 15. Bb5 Bg6 16. Qa4 Kb8 17. Bxc6 Qxc6 18. Qxc6 bxc6 19. Ndc4 Nd5 20. Ne5
Rd6 21. N3c4 Re6 22. Nd7+ Kc8 23. Nc5 Rf6 24. Rd2 Re8 25. Ne5 e3 26. fxe3 Nxe3
27. Re2 Nf5 28. g4 Ng3 29. Rhe1 Nxe2+ 30. Rxe2 Rf1+ 31. Kd2 Rf4 32. b3 Bh7 33.
g3 Rf1 34. Rh2 f6 35. Nxc6 Ra1 36. Nxa7+ Kb8 37. Nc6+ Kc8 38. Nb4 Rb1 39. Ncd3
Rb2+ 40. Nxb2 Re4 41. Re2 Rxg4 42. Re3 {Time forfeit} 1-0

[Event "Rated Blitz game"]
[Site "?"]
[Date "2021.10.11"]
[Round "?"]
[White "ramza39"]
[Black "artsportscience"]
[Result "1-0"]
[WhiteElo "2447"]
[BlackElo "2350"]
[PlyCount "77"]
[EventDate "2021.??.??"]
[EventType "blitz"]

1. e4 e5 2. Nf3 d5 3. d4 dxe4 4. Nxe5 Bd6 5. Nc4 Nf6 6. Be2 Be7 7. O-O O-O 8.
c3 Bf5 9. Bf4 c6 10. Qb3 b6 11. Bg3 Nbd7 12. Ne5 Nxe5 13. dxe5 Nd5 14. c4 Nb4
15. Rd1 Nd3 16. Nc3 Bh4 17. Nxe4 Bxe4 18. Bxd3 Bxd3 19. Rxd3 Qg5 20. f4 Qe7 21.
Bxh4 Qxh4 22. g3 Qg4 23. Rad1 h5 24. R3d2 h4 25. Qe3 h3 26. Kf2 Rfe8 27. Qf3
Qg6 28. Rd6 Qc2+ 29. Qe2 Qa4 30. b3 Qa5 31. Rxc6 Rad8 32. Rcd6 Rxd6 33. Rxd6
Qc5+ 34. Qe3 Qxd6 35. exd6 Rxe3 36. Kxe3 Kf8 37. Kd4 Ke8 38. b4 Kd7 39. Kd5 {
Normal} 1-0

[Event "Rated Blitz game"]
[Site "?"]
[Date "2021.10.11"]
[Round "?"]
[White "Elcaido"]
[Black "Sdjordje12345_s"]
[Result "1-0"]
[WhiteElo "2480"]
[BlackElo "2320"]
[PlyCount "75"]
[EventDate "2021.??.??"]
[EventType "blitz"]

1. e4 e5 2. Nf3 d5 3. d4 dxe4 4. Nxe5 Nd7 5. Nxd7 Bxd7 6. Be3 Bd6 7. Nd2 f5 8.
g3 Nf6 9. Bc4 Qe7 10. c3 O-O-O 11. Qb3 h6 12. h4 Ng4 13. Nf1 g5 14. O-O-O f4
15. Bd2 e3 16. fxe3 fxe3 17. Nxe3 Nxe3 18. Rde1 Nxc4 19. Rxe7 Nxd2 20. Kxd2
Bxe7 21. Qf7 Bd6 22. hxg5 Rhf8 23. Qg7 hxg5 24. Qxg5 Rg8 25. Qh6 Rxg3 26. Kc1
Bf5 27. Rf1 Bd3 28. Rd1 Rdg8 29. Rxd3 Rg1+ 30. Kc2 R8g2+ 31. Kb3 b5 32. Qe6+
Kb7 33. Qd5+ Kb6 34. Rh3 Rg5 35. Qf3 a5 36. a4 R1g2 37. axb5 Kxb5 38. Qb7# {
Normal} 1-0

[Event "Rated Blitz game"]
[Site "?"]
[Date "2021.10.11"]
[Round "?"]
[White "PawnPawn81"]
[Black "RiskyBlitzer"]
[Result "0-1"]
[WhiteElo "2411"]
[BlackElo "2484"]
[PlyCount "106"]
[EventDate "2021.??.??"]
[EventType "blitz"]

1. e4 e5 2. Nf3 d5 3. exd5 e4 4. Ne5 Qxd5 5. d4 exd3 6. Nxd3 Bd6 7. Nc3 Qe6+ 8.
Qe2 Nf6 9. Bg5 Nc6 10. Qxe6+ Bxe6 11. Bxf6 gxf6 12. O-O-O O-O-O 13. Be2 Rhg8
14. g3 Nd4 15. Rhe1 Nxe2+ 16. Nxe2 Bg4 17. Ndf4 Bxf4+ 18. gxf4 Rxd1+ 19. Kxd1
Rd8+ 20. Kc1 Re8 21. Kd2 Re4 22. Ng3 Rxf4 23. Re4 Rxf2+ 24. Ke1 Rxh2 25. Rxg4
Rxc2 26. Rb4 b6 27. a4 a5 28. Rb3 Rc4 29. Ra3 Rb4 30. b3 Rg4 31. Kf2 f5 32. Kf3
Rg5 33. Kf4 Rg4+ 34. Kf3 Kb7 35. Nxf5 Rg6 36. Ra2 h5 37. Rh2 Rg5 38. Kf4 Rg4+
39. Ke3 Rb4 40. Nd4 c5 41. Nb5 Rxb3+ 42. Ke4 Rb4+ 43. Kd5 Rxa4 44. Rxh5 Rb4 45.
Nd6+ Ka6 46. Rh8 Rd4+ 47. Kc6 Rxd6+ 48. Kxd6 Kb5 49. Rf8 a4 50. Rxf7 a3 51. Ra7
Kb4 52. Kc6 b5 53. Kd5 c4 {Time forfeit} 0-1

[Event "Rated Blitz game"]
[Site "?"]
[Date "2021.10.11"]
[Round "?"]
[White "faetont"]
[Black "GoughPhar"]
[Result "0-1"]
[WhiteElo "2354"]
[BlackElo "2454"]
[PlyCount "70"]
[EventDate "2021.??.??"]
[EventType "blitz"]

1. e4 e5 2. Nf3 d5 3. Nxe5 Bd6 4. d4 dxe4 5. Nc4 Nf6 6. Be2 Nc6 7. Be3 Nd5 8.
Nxd6+ Qxd6 9. c4 Nxe3 10. fxe3 Qh6 11. Qd2 Qh4+ 12. g3 Qh3 13. Nc3 O-O 14.
O-O-O a5 15. Rdf1 Nb4 16. a3 Nc6 17. Nxe4 a4 18. Qc3 Na5 19. Nd2 Bg4 20. Bd3 c6
21. e4 b5 22. c5 Rfb8 23. Qb4 Be6 24. Rf2 Nc4 25. Bxc4 bxc4 26. Qc3 Qh6 27. h4
Rb3 28. Qc2 c3 29. bxc3 Rab8 30. Kd1 Rxa3 31. Ke2 Bg4+ 32. Kd3 Qg6 33. Rhf1 Be6
34. Nf3 Qxg3 35. Ke2 Bg4 {Time forfeit} 0-1

[Event "Rated Blitz game"]
[Site "?"]
[Date "2021.10.11"]
[Round "?"]
[White "Radovanovic64"]
[Black "RCompany_1"]
[Result "1-0"]
[WhiteElo "2523"]
[BlackElo "2449"]
[PlyCount "105"]
[EventDate "2021.??.??"]
[EventType "blitz"]

1. e4 e5 2. Nf3 d5 3. Nxe5 Bd6 4. d4 dxe4 5. Nc4 Be7 6. Nc3 Nf6 7. Bg5 O-O 8.
Ne3 Re8 9. Bc4 Nbd7 10. Bb3 Nb6 11. O-O c6 12. f4 a5 13. a4 h6 14. Bxf6 Bxf6
15. Ne2 Nd5 16. Bxd5 cxd5 17. c3 Qd6 18. Qe1 Bd7 19. Ng3 g6 20. f5 Kg7 21. fxg6
fxg6 22. Qe2 Rf8 23. Ng4 h5 24. Nxf6 Rxf6 25. Rxf6 Qxf6 26. Rf1 Qe7 27. Rf2
Bxa4 28. Rf5 Bc6 29. Nxh5+ gxh5 30. Qxh5 Rg8 31. Rg5+ Kf8 32. Qh6+ Rg7 33. Qh8+
Kf7 34. Rxg7+ Ke6 35. Qh3+ Kf6 36. Rxe7 Kxe7 37. Qf5 a4 38. Kf2 b5 39. Ke3 b4
40. cxb4 a3 41. bxa3 Kd6 42. g4 Kc7 43. g5 Kb6 44. g6 Kb5 45. g7 Kc4 46. g8=Q
Kb3 47. Qgc8 Bb5 48. Qc5 Bc4 49. a4 Kc3 50. b5 Kc2 51. b6 Kc3 52. a5 Kc2 53. b7
{Time forfeit} 1-0

[Event "Rated Blitz game"]
[Site "?"]
[Date "2021.10.11"]
[Round "?"]
[White "stich09"]
[Black "rofaidah"]
[Result "1-0"]
[WhiteElo "2411"]
[BlackElo "2484"]
[PlyCount "115"]
[EventDate "2021.??.??"]
[EventType "blitz"]

1. e4 e5 2. Nf3 d5 3. Nxe5 Qe7 4. d4 f6 5. Nd3 dxe4 6. Nf4 Bf5 7. Bc4 Nc6 8.
Nc3 O-O-O 9. Be3 g5 10. Nfd5 Qg7 11. O-O h5 12. b4 h4 13. b5 Nce7 14. a4 Nxd5
15. Bxd5 Bd6 16. Bxe4 Bxe4 17. Nxe4 g4 18. Nxd6+ Rxd6 19. Bf4 Rd7 20. a5 Ne7
21. b6 a6 22. bxc7 Nd5 23. Qd2 g3 24. fxg3 hxg3 25. Bxg3 Nxc7 26. Qc3 Kb8 27.
Rab1 Ka8 28. Qf3 Nd5 29. c4 Ne7 30. Rb6 Nc6 31. Rxc6 bxc6 32. Qxc6+ Rb7 33.
Qxa6+ Ra7 34. Qxf6 Qxf6 35. Rxf6 Rxa5 36. c5 Rd8 37. Be5 Ra2 38. c6 Rg8 39. g3
Ra1+ 40. Kg2 Ra2+ 41. Kf3 Rc2 42. c7 Rxh2 43. Rb6 Rf8+ 44. Ke3 Rhh8 45. Rb8+
Ka7 46. Bxh8 Rxb8 47. cxb8=Q+ Kxb8 48. g4 Kc8 49. g5 Kd7 50. g6 Ke8 51. g7 Kf7
52. d5 Kg8 53. d6 Kf7 54. d7 Ke7 55. g8=Q Kxd7 56. Qd5+ Ke7 57. Bd4 Ke8 58.
Qe5+ {Time forfeit} 1-0

[Event "Rated Blitz game"]
[Site "?"]
[Date "2021.10.11"]
[Round "?"]
[White "Kombinattor01"]
[Black "Schachelite"]
[Result "1-0"]
[WhiteElo "2458"]
[BlackElo "2512"]
[PlyCount "109"]
[EventDate "2021.??.??"]
[EventType "blitz"]

1. e4 e5 2. Nf3 d5 3. Nxe5 Bd6 4. Nxf7 Kxf7 5. Qh5+ g6 6. Qxd5+ Kg7 7. b3 Nf6
8. Bb2 Re8 9. Be2 Nc6 10. Qg5 Rxe4 11. Nc3 Re5 12. Qh4 Bg4 13. f3 Rh5 14. Qf2
Be6 15. g4 Re5 16. O-O-O Qe7 17. d4 Ra5 18. d5 Bd7 19. dxc6 Bxc6 20. Kb1 Re8
21. Rhe1 Qe3 22. Qxe3 Rxe3 23. Ne4 Bxe4 24. fxe4 Rxe4 25. Bf3 Rxe1 26. Rxe1 Kf7
27. Bxb7 Nxg4 28. Rf1+ Rf5 29. Rxf5+ gxf5 30. Bc8 Kg6 31. h3 Nf2 32. h4 h5 33.
Bd4 Ne4 34. Bxa7 Bg3 35. Bd4 Bxh4 36. a4 Be1 37. Be5 h4 38. Bxc7 Bg3 39. Bb6 h3
40. Bg1 Bf2 41. Bh2 Bg3 42. Bg1 Nd2+ 43. Kc1 Nf3 44. Be3 h2 45. a5 h1=Q+ 46.
Kb2 Be5+ 47. Ka3 Qa1+ 48. Kb4 Bd6+ 49. Kb5 Ne5 50. a6 Qa3 51. Kb6 Qb4+ 52. Ka7
Qa5 53. Bb6 Qb5 54. c4 Bc5 55. cxb5 {Time forfeit} 1-0

[Event "Rated Blitz game"]
[Site "?"]
[Date "2021.10.11"]
[Round "?"]
[White "Guppster"]
[Black "barry-allen"]
[Result "0-1"]
[WhiteElo "2450"]
[BlackElo "2336"]
[PlyCount "40"]
[EventDate "2021.??.??"]
[EventType "blitz"]

1. e4 e5 2. Nf3 d5 3. Nxe5 Bd6 4. d4 dxe4 5. Bc4 Bxe5 6. dxe5 Qxd1+ 7. Kxd1 Nc6
8. Bf4 Bg4+ 9. Kc1 O-O-O 10. Nc3 Nge7 11. Nxe4 Ng6 12. Be3 Ngxe5 13. Bb3 Rhe8
14. f3 Nxf3 15. gxf3 Bxf3 16. Rf1 Bxe4 17. Rxf7 Bxc2 18. Kxc2 Rxe3 19. Rxg7
Nb4+ 20. Kc1 Re1+ {Normal} 0-1

[Event "Rated Blitz game"]
[Site "?"]
[Date "2021.10.11"]
[Round "?"]
[White "Elcaido"]
[Black "foguetada"]
[Result "1-0"]
[WhiteElo "2475"]
[BlackElo "2342"]
[PlyCount "63"]
[EventDate "2021.??.??"]
[EventType "blitz"]

1. e4 e5 2. Nf3 d5 3. exd5 e4 4. Ne5 Qe7 5. Nc4 Nf6 6. Ne3 Nbd7 7. d4 exd3 8.
Bxd3 Nxd5 9. O-O Nxe3 10. Bxe3 Kd8 11. Nc3 c6 12. Re1 Qd6 13. Ne4 Qe6 14. Ng5
Qf6 15. Ne4 Qe6 16. Bd4 Kc7 17. Ng5 Qd5 18. Nf3 Bd6 19. c4 Qh5 20. Rc1 f6 21.
c5 Bxc5 22. Be2 Bxd4 23. Nxd4 Qf7 24. Bc4 Qh5 25. Ne6+ Kb6 26. Qb3+ Ka5 27.
Qc3+ Kb6 28. Qb4+ Qb5 29. Bxb5 cxb5 30. Qd6+ Ka5 31. Re3 b6 32. Ra3# {Normal}
1-0

[Event "Rated Blitz game"]
[Site "?"]
[Date "2021.10.11"]
[Round "?"]
[White "tigra522"]
[Black "RCompany_1"]
[Result "1-0"]
[WhiteElo "2542"]
[BlackElo "2447"]
[PlyCount "63"]
[EventDate "2021.??.??"]
[EventType "blitz"]

1. e4 e5 2. Nf3 d5 3. d4 dxe4 4. Nxe5 Bd6 5. Nc4 Be7 6. Nc3 Nf6 7. Be2 O-O 8.
Bg5 Nc6 9. Be3 Nb4 10. Qd2 Nbd5 11. Nxd5 Nxd5 12. Ne5 f6 13. Nc4 f5 14. g3 Kh8
15. O-O-O a5 16. Kb1 a4 17. a3 b5 18. Ne5 b4 19. Nc6 Qd6 20. Nxe7 Qxe7 21. axb4
a3 22. b3 a2+ 23. Ka1 Nxb4 24. c4 c5 25. dxc5 Be6 26. Qxb4 Rfb8 27. Qc3 Ra3 28.
Rd6 Rbxb3 29. Qe5 Qb7 30. Rd8+ Bg8 31. Rxg8+ Kxg8 32. Qe8# {Normal} 1-0

[Event "Rated Blitz game"]
[Site "?"]
[Date "2021.10.10"]
[Round "?"]
[White "ColdAsTheClay"]
[Black "jeruchess"]
[Result "1-0"]
[WhiteElo "2439"]
[BlackElo "2440"]
[PlyCount "51"]
[EventDate "2021.??.??"]
[EventType "blitz"]

1. e4 e5 2. Nf3 d5 3. exd5 e4 4. Qe2 Nf6 5. d3 Qxd5 6. Nbd2 Be6 7. dxe4 Qd8 8.
e5 Nd5 9. Nd4 Bc5 10. Nxe6 fxe6 11. Ne4 Bb6 12. Qh5+ Kd7 13. Bg5 Qg8 14. O-O-O
h6 15. Bh4 g5 16. Bg3 Kc8 17. Bc4 Nd7 18. Bxd5 exd5 19. Nf6 Nxf6 20. exf6 Kd7
21. f7 Qg7 22. Rxd5+ Kc6 23. Qf3 g4 24. Rd6+ Kb5 25. Qb3+ Ka6 26. Qa4# {Normal}
1-0

[Event "Rated Blitz tournament 2IGczbOg"]
[Site "?"]
[Date "2021.10.10"]
[Round "?"]
[White "Artak_Manukyan"]
[Black "geptil"]
[Result "1-0"]
[WhiteElo "2453"]
[BlackElo "2458"]
[PlyCount "57"]
[EventDate "2021.??.??"]
[EventType "blitz"]

1. e4 e5 2. Nf3 d5 3. Nxe5 Bd6 4. d4 dxe4 5. Nc4 Nf6 6. Nxd6+ Qxd6 7. h3 O-O 8.
c4 Nc6 9. Be3 Rd8 10. d5 Ne7 11. Nc3 a6 12. Qd2 c5 13. a4 Nf5 14. Be2 Nxe3 15.
Qxe3 Re8 16. O-O Bd7 17. a5 Re5 18. Bd1 Rae8 19. Ba4 h6 20. Bxd7 Nxd7 21. Qg3
f5 22. h4 Qf6 23. Ne2 g5 24. hxg5 hxg5 25. Ra3 f4 26. Qg4 Rf5 27. Rh3 Ne5 28.
Qh5 Qg7 29. Qxe8+ {Normal} 1-0

[Event "Rated Blitz game"]
[Site "?"]
[Date "2021.10.10"]
[Round "?"]
[White "Jadoubovic11"]
[Black "SerialDrinker"]
[Result "1-0"]
[WhiteElo "2409"]
[BlackElo "2337"]
[PlyCount "49"]
[EventDate "2021.??.??"]
[EventType "blitz"]

1. e4 e5 2. Nf3 d5 3. exd5 e4 4. Qe2 Nf6 5. d3 Qxd5 6. Nfd2 Bf5 7. Nc3 Qa5 8.
dxe4 Bd7 9. Nc4 Qb4 10. a3 Qe7 11. e5 Ng4 12. Bf4 Nc6 13. O-O-O g5 14. Nd5 gxf4
15. Nxe7 Bxe7 16. h3 Nh6 17. Nd6+ cxd6 18. exd6 O-O-O 19. dxe7 Rde8 20. Qd2
Rxe7 21. Qxf4 Nf5 22. Bb5 Ng7 23. Qf6 Nh5 24. Qxh8+ Kc7 25. Bxc6 {Normal} 1-0

[Event "Rated Blitz game"]
[Site "?"]
[Date "2021.10.10"]
[Round "?"]
[White "Contin62"]
[Black "AlaEldin"]
[Result "0-1"]
[WhiteElo "2425"]
[BlackElo "2381"]
[PlyCount "86"]
[EventDate "2021.??.??"]
[EventType "blitz"]

1. e4 e5 2. Nf3 d5 3. Nc3 dxe4 4. Nxe5 f5 5. d3 Qd4 6. Qh5+ g6 7. Nxg6 hxg6 8.
Qxg6+ Kd8 9. Bg5+ Be7 10. O-O-O Bxg5+ 11. Qxg5+ Qf6 12. dxe4+ Ke8 13. Qxf6 Nxf6
14. exf5 Bxf5 15. Bd3 Bxd3 16. Rxd3 Nc6 17. Re1+ Kf7 18. Nd5 Rh5 19. Nxf6 Kxf6
20. Rd7 Rxh2 21. Rxc7 Rxg2 22. Rxb7 Rxf2 23. Rc7 Ne5 24. Rc5 Nf3 25. Rd1 Re8
26. Rc6+ Re6 27. Rxe6+ Kxe6 28. b3 Ke5 29. Rd7 Nd4 30. Rxa7 Rxc2+ 31. Kb1 Rh2
32. Re7+ Kd5 33. Rd7+ Ke4 34. b4 Nb5 35. Re7+ Kd4 36. Kc1 Kc4 37. Re4+ Kc3 38.
Kd1 Kd3 39. Re1 Rxa2 40. Kc1 Nc3 41. Re3+ Kxe3 42. b5 Kd3 43. b6 Rc2# {Normal}
0-1

[Event "Rated Blitz game"]
[Site "?"]
[Date "2021.10.10"]
[Round "?"]
[White "FIZZ123"]
[Black "AlaEldin"]
[Result "1-0"]
[WhiteElo "2409"]
[BlackElo "2366"]
[PlyCount "85"]
[EventDate "2021.??.??"]
[EventType "blitz"]

1. e4 e5 2. Nf3 d5 3. exd5 e4 4. Qe2 Nf6 5. Nc3 Be7 6. Nxe4 O-O 7. d3 Nxd5 8.
Qd1 f5 9. Nc3 Nxc3 10. bxc3 Bf6 11. d4 c5 12. Bc4+ Kh8 13. O-O b6 14. Be3 Bb7
15. dxc5 Bxc3 16. Qxd8 Rxd8 17. Rad1 Nd7 18. Ng5 Ne5 19. Nf7+ Nxf7 20. Bxf7 Be4
21. cxb6 axb6 22. Bxb6 Rxd1 23. Rxd1 g6 24. Bb3 Re8 25. f3 Bc6 26. Kf2 Bb5 27.
Rd8 Rxd8 28. Bxd8 Bd4+ 29. Kg3 Kg7 30. a4 Bf1 31. a5 g5 32. Bxg5 Bc3 33. Bd8
Kg6 34. Ba4 h5 35. Be8+ Kh6 36. h4 Be5+ 37. f4 Bc3 38. Bg5+ Kg7 39. Bd8 Be2 40.
Bd7 Kg6 41. Bc8 Bd4 42. a6 Bd1 43. c4 {Time forfeit} 1-0

[Event "Rated Blitz tournament ro4NMSuP"]
[Site "?"]
[Date "2021.10.10"]
[Round "?"]
[White "chesssevig"]
[Black "Frutek"]
[Result "0-1"]
[WhiteElo "2250"]
[BlackElo "2561"]
[PlyCount "54"]
[EventDate "2021.??.??"]
[EventType "blitz"]

1. e4 e5 2. Nf3 d5 3. Nxe5 Bd6 4. d4 dxe4 5. Bc4 Bxe5 6. dxe5 Qxd1+ 7. Kxd1 Nc6
8. Nc3 Nxe5 9. Bd5 Bg4+ 10. Ke1 O-O-O 11. h3 Bh5 12. Bxe4 Nf6 13. Bf4 Rhe8 14.
Kf1 Nxe4 15. Nxe4 Nc4 16. Nc3 Nxb2 17. g4 Bg6 18. Kg2 Bxc2 19. Rhc1 Nd3 20.
Rxc2 Nxf4+ 21. Kg3 g5 22. Rb1 Rd3+ 23. f3 Rxc3 24. Rxc3 Ne2+ 25. Kf2 Nxc3 26.
Rb3 Nd5 27. Rd3 Nf4 {Normal} 0-1

[Event "Rated Blitz game"]
[Site "?"]
[Date "2021.10.10"]
[Round "?"]
[White "Handy-Andy"]
[Black "Bizov"]
[Result "1-0"]
[WhiteElo "2495"]
[BlackElo "2344"]
[PlyCount "43"]
[EventDate "2021.??.??"]
[EventType "blitz"]

1. e4 e5 2. Nf3 d5 3. Nxe5 dxe4 4. Bc4 Nh6 5. d4 Nc6 6. Nxc6 bxc6 7. Bxh6 gxh6
8. Nc3 Bf5 9. Qe2 Qxd4 10. O-O Bd6 11. Rad1 Qe5 12. f4 Qe7 13. Kh1 Rg8 14. Rde1
Kf8 15. Qh5 Qf6 16. Nxe4 Bxe4 17. Rxe4 Qg6 18. Qf3 Re8 19. f5 Qg5 20. Rxe8+
Kxe8 21. Qxc6+ Kf8 22. f6 {Normal} 1-0

[Event "Rated Blitz tournament xLfgJaFV"]
[Site "?"]
[Date "2021.10.10"]
[Round "?"]
[White "Underated_TCC"]
[Black "arrashii"]
[Result "0-1"]
[WhiteElo "2432"]
[BlackElo "2345"]
[PlyCount "42"]
[EventDate "2021.??.??"]
[EventType "blitz"]

1. e4 e5 2. Nf3 d5 3. d4 dxe4 4. Nxe5 Be6 5. Nc3 Nf6 6. Bg5 Bb4 7. Bxf6 gxf6 8.
Bb5+ c6 9. Nxc6 bxc6 10. Ba4 Qa5 11. d5 Bxd5 12. Qd4 Qxa4 13. Qxf6 Bxc3+ 14.
bxc3 Rg8 15. O-O Qc4 16. Rfe1 Nd7 17. Qf5 O-O-O 18. Rab1 e3 19. f3 Qxc3 20. Qf4
Qxc2 21. g3 Qf2+ {Normal} 0-1

[Event "Rated Blitz game"]
[Site "?"]
[Date "2021.10.10"]
[Round "?"]
[White "Roozbeh2005"]
[Black "batasjon"]
[Result "0-1"]
[WhiteElo "2450"]
[BlackElo "2421"]
[PlyCount "108"]
[EventDate "2021.??.??"]
[EventType "blitz"]

1. e4 e5 2. Nf3 d5 3. exd5 e4 4. Qe2 Nf6 5. d3 Qxd5 6. Nbd2 Nc6 7. Nxe4 Be6 8.
Nxf6+ gxf6 9. Bd2 O-O-O 10. Qe4 Qb5 11. Be2 Qxb2 12. O-O Nd4 13. Rab1 Nxe2+ 14.
Qxe2 Qxc2 15. Rfc1 Qxd3 16. Qd1 Rg8 17. Qc2 Qxc2 18. Rxc2 Bd5 19. Rbc1 Bxf3 20.
Rxc7+ Kb8 21. Bf4 Bd6 22. Rc8+ Rxc8 23. Bxd6+ Ka8 24. Rxc8+ Rxc8 25. gxf3 b5
26. a3 Kb7 27. Be7 f5 28. Kg2 Kc6 29. Kg3 Kd7 30. Bb4 Ke6 31. Kf4 Kf6 32. h4
Rc4+ 33. Kg3 h5 34. f4 Ke6 35. Kf3 Kd5 36. Ke3 Re4+ 37. Kf3 Kc4 38. Kg3 Kb3 39.
Bf8 a5 40. Kf3 b4 41. axb4 axb4 42. Kg3 Kc2 43. f3 Rc4 44. Kf2 b3 45. Ba3 Ra4
46. Bb2 Kxb2 47. Ke3 Kc2 48. Kf2 b2 49. Ke3 b1=Q 50. Ke2 Qd1+ 51. Ke3 Ra3+ 52.
Kf2 Rxf3+ 53. Kg2 Qf1+ 54. Kh2 Rh3# {Normal} 0-1

[Event "Rated Blitz tournament yMJReLey"]
[Site "?"]
[Date "2021.10.10"]
[Round "?"]
[White "ayeng1121"]
[Black "seph_osorio79"]
[Result "1-0"]
[WhiteElo "2429"]
[BlackElo "2296"]
[PlyCount "49"]
[EventDate "2021.??.??"]
[EventType "blitz"]

1. e4 e5 2. Nf3 d5 3. Nxe5 Qe7 4. d4 f6 5. Nf3 dxe4 6. Nfd2 f5 7. Bc4 Nf6 8.
O-O Be6 9. Qe2 Nbd7 10. Nc3 O-O-O 11. d5 Bf7 12. Nb3 Nb6 13. Bg5 h6 14. Bxf6
gxf6 15. Rad1 Rg8 16. Kh1 h5 17. Nd4 Nxc4 18. Qxc4 Qe5 19. f4 exf3 20. Nxf3 Qd6
21. a4 h4 22. Nb5 Qc5 23. Qf4 a6 24. b4 Qxb4 25. Qxc7# {Normal} 1-0

[Event "Rated Blitz tournament nDUHiWFh"]
[Site "?"]
[Date "2021.10.10"]
[Round "?"]
[White "Tsukasa1"]
[Black "Frutek"]
[Result "0-1"]
[WhiteElo "2457"]
[BlackElo "2574"]
[PlyCount "66"]
[EventDate "2021.??.??"]
[EventType "blitz"]

1. e4 e5 2. Nf3 d5 3. exd5 e4 4. Nd4 Qxd5 5. Nb3 Nf6 6. Nc3 Qf5 7. d4 Bb4 8.
Be3 O-O 9. a3 Bxc3+ 10. bxc3 Qg6 11. h3 Nc6 12. c4 a5 13. c3 a4 14. Nd2 Ne7 15.
g4 h5 16. g5 Nh7 17. Be2 h4 18. Bg4 f5 19. gxf6 Nxf6 20. Rg1 Nxg4 21. Qxg4 Bxg4
22. Rxg4 Qe6 23. O-O-O Nf5 24. Rdg1 Rf7 25. Rxe4 Qd6 26. c5 Qd5 27. c4 Qd7 28.
d5 Re8 29. Rg6 Nxe3 30. fxe3 Rxe4 31. Nxe4 Qxh3 32. d6 Qh1+ 33. Kd2 Qxe4 {
Normal} 0-1

[Event "Rated Blitz game"]
[Site "?"]
[Date "2021.10.10"]
[Round "?"]
[White "AndyIOC"]
[Black "lavilaine"]
[Result "0-1"]
[WhiteElo "2415"]
[BlackElo "2430"]
[PlyCount "80"]
[EventDate "2021.??.??"]
[EventType "blitz"]

1. e4 e5 2. Nf3 d5 3. Nxe5 Qe7 4. d4 f6 5. Nd3 dxe4 6. Nf4 Be6 7. Nxe6 Qxe6 8.
c4 f5 9. Nc3 Nf6 10. Nb5 Bb4+ 11. Bd2 Bxd2+ 12. Qxd2 Na6 13. Qa5 O-O 14. Nxc7
Nxc7 15. Qxc7 Rfd8 16. Qe5 Qxe5 17. dxe5 Ng4 18. e6 Rd6 19. c5 Rc6 20. b4 Ne5
21. Be2 Rxe6 22. O-O Rd8 23. Rfd1 Ree8 24. Kf1 Kf7 25. a4 Ke6 26. Bb5 Rf8 27.
Ke2 f4 28. h3 g5 29. a5 h5 30. a6 bxa6 31. Rxa6+ Kf5 32. Rxa7 Rxd1 33. Kxd1 e3
34. fxe3 fxe3 35. Ke2 Ke4 36. Re7 Rf2+ 37. Ke1 Rxg2 38. c6 Kd4 39. c7 Nf3+ 40.
Kf1 Rf2# {Normal} 0-1

[Event "Rated Blitz game"]
[Site "?"]
[Date "2021.10.10"]
[Round "?"]
[White "troublehate"]
[Black "kamaio"]
[Result "1-0"]
[WhiteElo "2426"]
[BlackElo "2298"]
[PlyCount "97"]
[EventDate "2021.??.??"]
[EventType "blitz"]

1. e4 e5 2. Nf3 d5 3. exd5 e4 4. Qe2 Nf6 5. d3 Qxd5 6. Nc3 Bb4 7. Bd2 Bxc3 8.
Bxc3 O-O 9. dxe4 Nxe4 10. Qc4 Qxc4 11. Bxc4 Nxc3 12. bxc3 Bf5 13. Nd4 Bd7 14.
f3 Nc6 15. Kf2 Ne5 16. Be2 a6 17. Rab1 b5 18. Nb3 Bc6 19. Nc5 Nd7 20. Nd3 Rfe8
21. Rhd1 Nf6 22. Nc5 Nd5 23. Rb3 g6 24. c4 Nf4 25. Bf1 Re5 26. Nd3 Nxd3+ 27.
cxd3 Rd8 28. d4 Rf5 29. a3 Kg7 30. Rc3 bxc4 31. Bxc4 Bb5 32. Bxb5 axb5 33. Rxc7
Rfd5 34. Ke3 Re8+ 35. Kf2 Ra8 36. Rc5 Rxc5 37. dxc5 Rxa3 38. Rc1 Ra7 39. Ke3
Kf6 40. Kd4 Ke6 41. Re1+ Kd7 42. Kd5 b4 43. c6+ Kd8 44. Kd6 Ra6 45. Re4 Rb6 46.
Kc5 Rb8 47. Rxb4 Ra8 48. Kd6 Kc8 49. Re4 {Normal} 1-0